000 00388nam a2200145Ia 4500
008 230917s9999||||xx |||||||||||||| ||und||
040 _e198647
_aMAIN
041 _aEnglish
082 _a658.3 R137H
100 _aRaj Kumar
245 0 _aHuman resource management: Strategic analysis, text and cases
260 _aNew Delhi
_bI K International
_c2011
300 _a472 p.
942 _cBK
999 _c165106
_d165106